| 000 | 01043nac a22003137a 4500 | ||
|---|---|---|---|
| 001 | BR7503694 | ||
| 003 | BR-BrBNA | ||
| 005 | 20240105113854.0 | ||
| 008 | 230509b bl.|||m| |||| 00| 0 por d | ||
| 040 |
_aBR-BrBNA _bpor _cBiblioteca Nacional de Agricultura |
||
| 072 | _aA50; E10 | ||
| 090 | _aA50 BR7503694 | ||
| 110 | 1 |
_aFundacao de Amparo a Pesquisa do Estado do Rio Grande do Sul, Porto Alegre (Brasil) _94833 |
|
| 245 | 1 | _aRelatorio 1974 [Fundacao de Amparo a Pesquisa do Estado do Rio Grande do Sul, Brasil] | |
| 260 | 3 |
_aPorto Alegre, RS (Brasil): _c1975. |
|
| 300 | _a170 p. | ||
| 490 |
_aRelatorio - Fundacao de Amparo a Pesquisa do Estado do Rio Grande do Sul (Brazil) _v _x |
||
| 500 | _a30 tables | ||
| 650 | _aPESQUISA AGRICOLA | ||
| 650 | _aRECURSO HUMANO | ||
| 650 | _aRECURSO ECONOMICO | ||
| 650 | _aPROJETO DE DESENVOLVIMENTO | ||
| 650 | _aORCAMENTO | ||
| 650 | _aRECEITA | ||
| 650 | _aDESPESA | ||
| 650 | _aRIO GRANDE DO SUL | ||
| 909 |
_a202312 _bLúcia Elande _c55 _dLúcia Elande |
||
| 942 |
_2AGRIS _n0 _cMS |
||
| 999 |
_c266071 _d266071 |
||